000 00656nam a2200241Ia 4500
003 OSt
005 20221007110509.0
006 a|||||r|||| 00| 0
007 ta
008 221006b |||||||| |||| 00| 0 eng d
024 _a21,237
037 _cTextual
040 _aLCO
_cLCO
_beng
041 _2eng
_aeng
082 _aY10bZ, L3
100 _aKanowitz Leo
_9120112
245 0 _aSex Roles in Law and Society
_b Cases and Materials
260 _aAlbuquerque
_bUniversity of New Mexico Press U.S.A.
_c1973
300 _a706
650 _aSEX
_931676
942 _hY10bZ, L3
_cTEXL
999 _c1190800
_d1190800